| 000 | 00850nam a2200241 i 4500 | ||
|---|---|---|---|
| 001 | 110788 | ||
| 003 | ES-MaACL | ||
| 005 | 20231227185621.0 | ||
| 007 | t| | ||
| 008 | 070125s1932 sp ||||1| spa d | ||
| 080 | _a347.241 | ||
| 100 | 1 |
_aBonfante, Pietro. _930148 |
|
| 245 | 1 | 4 |
_aLas relaciones de vecindad / _cPedro Bonfante ; traducción, prólogo, concordancias y apéndice de Alfonso García Valdecasas. |
| 250 | _a1ª ed. | ||
| 260 |
_aMadrid : _bHijos de Reus, _c1932. |
||
| 300 |
_a218 p. ; _c23 cm. |
||
| 490 | 1 |
_aBiblioteca jurídica de autores españoles y extranjeros ; _v160 |
|
| 650 | 1 | 4 |
_aVecindad (Derecho) _917751 |
| 700 | 1 |
_aGarcía Valdecasas, Alfonso, _d1904-1993 _955354 |
|
| 830 | 0 |
_aBiblioteca jurídica de autores españoles y extranjeros ; _v160 _9182228 |
|
| 852 |
_aES-MaACL _jE-3133 |
||
| 999 |
_c110788 _d110788 |
||